000 00623nam a2200217Ia 4500
003 BUBTL
008 151213s9999 xx 000 0 und d
020 _a0-534-97977-7
082 _a658.404/ROS
100 _aM.. D. Resenan Jr.
_93144
245 _aSuccessful project Management
_cM.. D. Resenan Jr.
260 _aNew York
_bLitetine Learning
_cc1981
300 _a[xv] , 266p . :
_bill . ;28cm .
500 _aIncludes Index
650 _aManagement
_93145
650 _aManagement
_93145
700 _aM.. D. Resenan Jr.
_93144
856 _k0
_l0
_yDownload
942 _2ddc
_cBK
999 _c1810
_d1810